El rey túnix /

Guardado en:
Autor Principal: Lobe, Mira
Otros Autores: Olasagasti, Manuel, trad.
Formato: Libro
Publicado: Madrid : Sm
Edición:4a. ed.
Series:El barco de vapor ; No. 66
Materias:
Etiquetas: Agregar Etiqueta
Sin Etiquetas, Sea el primero en etiquetar este registro!
LEADER 00699nam a22002535a 4500
001 CEM.cems012587
005 20070823184423.0
008 130507b######################000#0#####d
003 CEMS
020 |a 8434815044 
082 0 4 |a 833.9 
100 1 |a Lobe, Mira 
245 1 0 |a El rey túnix /  |c Mira Lobe ; traducido Por Manuel Olasagasti 
250 |a 4a. ed. 
260 |a Madrid :  |b Sm 
300 |a 92 p. 
490 0 |a El barco de vapor ; No. 66 
500 |a A partir de 7 años 
653 |a Literatura 
653 |a Literatura austriaca 
653 |a Cuentos 
653 |a Cuento austriaco 
700 1 |a Olasagasti, Manuel, trad. 
859 |a CEMS  |b BIB. CEMS - 11 de abril  |h 833.9  |i L772a4  |p 23918.07  |t Ej.1